| 000 | 02015nam a2200469 i 4500 | ||
|---|---|---|---|
| 001 | 195760 | ||
| 003 | SpMaBN | ||
| 005 | 20250828023803.0 | ||
| 008 | 240715s2019 sp a | |||| 001 0 spa | ||
| 015 | _aMON19 | ||
| 017 |
_aM 5417-2019 _bOficina Depósito Legal Madrid |
||
| 020 | _a9788470756573 | ||
| 035 | _a(OCoLC)1126479807 | ||
| 035 | _aa6583164 | ||
| 040 |
_aSpMaBN _bspa _cSpMaBN _erda _dES-MaACL |
||
| 080 | _a796.1(0:7)(083.824) | ||
| 080 | _a37(0:7)(083.824) | ||
| 080 | _a7.036/.038(083.824) | ||
| 245 | 0 | 3 |
_aEl juego del arte : _bpedagogías, arte y diseño : Madrid, del 22 de marzo al 23 de junio de 2019 / _cManuel Fontán del Junco, Juan Bordes, Aida Capa (eds.) ; con textos de Juan Bordes, Norman Brosterman, Manuel Fontán del Junco y Juliet Kinchin. |
| 264 | 1 |
_aMadrid : _bFundación Juan March, _c[2019]. |
|
| 264 | 4 | _c©2019 | |
| 300 |
_a665 páginas : _bprincipalmente ilustraciones (blanco y negro y color) ; _c29 cm. |
||
| 500 | _aExposición celebrada en la Fundación Juan March de Madrid. | ||
| 504 | _aBibliografía: página 660. Índice. | ||
| 650 | 7 |
_aJuegos _xEn el arte _vExposiciones _2embne _9237445 |
|
| 650 | 0 |
_aEducación- _xEn el arte- _vExposiciones _9237446 |
|
| 650 | 4 |
_aArte- _yS.XX- _vExposiciones _2embne _910140 |
|
| 650 | 7 |
_aArte- _yS.XXI- _vExposiciones _9167167 |
|
| 655 | 7 |
_aCatálogos de exposiciones _2tgfbne _9193628 |
|
| 700 | 1 |
_aFontán del Junco, Manuel, _d1963- _eaut _9226485 |
|
| 700 |
_aBordes, Juan, _d1948- _9237447 _eaut |
||
| 700 | 1 |
_aCapa, Aida _9173144 _eaut |
|
| 700 | 1 |
_aBrosterman, Norman _d1952- _4aut _9237448 _eaut |
|
| 700 |
_aKinchin, Juliet _9237449 _eaut |
||
| 710 | 2 |
_aFundación Juan March _ehis _94346 |
|
| 852 |
_aES-MaACL _bR.132760 _cDEPOJ _hDonación: Editorial _xEncuadernación cartoné _9204618 _jN-8768 |
||
| 914 |
_aFundación Juan March _ednr _94346 |
||
| 942 |
_cMONOGRAFIA _n0 |
||
| 999 |
_c195760 _d195760 |
||